<?xml version="1.0" encoding="UTF-8"?>
<record
    xmlns:xsi="http://www.w3.org/2001/XMLSchema-instance"
    xsi:schemaLocation="http://www.loc.gov/MARC21/slim http://www.loc.gov/standards/marcxml/schema/MARC21slim.xsd"
    xmlns="http://www.loc.gov/MARC21/slim">

  <leader>01140nam a2200265 u 4500</leader>
  <controlfield tag="001">000002645</controlfield>
  <controlfield tag="003">DO-SdBNP</controlfield>
  <controlfield tag="005">20240412134606.0</controlfield>
  <controlfield tag="008">090703s1989    dr      r     000 0 spa d</controlfield>
  <datafield tag="040" ind1=" " ind2=" ">
    <subfield code="a">DO-SdBNP</subfield>
    <subfield code="b">spa</subfield>
    <subfield code="c">BNPHU</subfield>
  </datafield>
  <datafield tag="082" ind1=" " ind2=" ">
    <subfield code="a">330.97293</subfield>
    <subfield code="b">C314h</subfield>
  </datafield>
  <datafield tag="100" ind1="1" ind2=" ">
    <subfield code="a">Carre&#xF1;o, Nelson.</subfield>
    <subfield code="9">8337</subfield>
  </datafield>
  <datafield tag="245" ind1="1" ind2="0">
    <subfield code="a">Historia econ&#xF3;mica dominicana :</subfield>
    <subfield code="b">nuevos enfoques y nuevos problemas : agricultura y crecimiento econ&#xF3;mico, siglos XIX y XX /</subfield>
    <subfield code="c">Nelson Carre&#xF1;o.</subfield>
  </datafield>
  <datafield tag="260" ind1=" " ind2=" ">
    <subfield code="a">Santiago :</subfield>
    <subfield code="b">UTESA,</subfield>
    <subfield code="c">1989.</subfield>
  </datafield>
  <datafield tag="300" ind1=" " ind2=" ">
    <subfield code="a">283p ;</subfield>
    <subfield code="c">21cm.</subfield>
  </datafield>
  <datafield tag="590" ind1=" " ind2=" ">
    <subfield code="a">Inventariado, 2018/ YL</subfield>
  </datafield>
  <datafield tag="650" ind1=" " ind2="4">
    <subfield code="a">Industria azucarera</subfield>
    <subfield code="z">Rep&#xFA;blica Dominicana</subfield>
    <subfield code="x">Historia</subfield>
    <subfield code="y">Siglo XIX</subfield>
    <subfield code="9">8338</subfield>
  </datafield>
  <datafield tag="650" ind1=" " ind2="4">
    <subfield code="a">Industria azucarera</subfield>
    <subfield code="z">Rep&#xFA;blica Dominicana</subfield>
    <subfield code="x">Historia</subfield>
    <subfield code="y">Siglo XX</subfield>
    <subfield code="9">8339</subfield>
  </datafield>
  <datafield tag="650" ind1=" " ind2="4">
    <subfield code="a">Agricultura</subfield>
    <subfield code="x">Rep&#xFA;blica dominicana</subfield>
    <subfield code="x">Historia</subfield>
    <subfield code="y">Siglo XIX</subfield>
    <subfield code="9">8340</subfield>
  </datafield>
  <datafield tag="650" ind1=" " ind2="4">
    <subfield code="a">Agricultura</subfield>
    <subfield code="x">Rep&#xFA;blica dominicana</subfield>
    <subfield code="x">Historia</subfield>
    <subfield code="y">Siglo XX</subfield>
    <subfield code="9">8341</subfield>
  </datafield>
  <datafield tag="651" ind1=" " ind2="4">
    <subfield code="a">Rep&#xFA;blica Dominicana</subfield>
    <subfield code="x">Condiciones econ&#xF3;micas</subfield>
    <subfield code="x">Historia</subfield>
    <subfield code="y">Siglo XIX</subfield>
    <subfield code="9">8342</subfield>
  </datafield>
  <datafield tag="651" ind1=" " ind2="4">
    <subfield code="a">Rep&#xFA;blica Dominicana</subfield>
    <subfield code="x">Condiciones econ&#xF3;micas</subfield>
    <subfield code="x">Historia</subfield>
    <subfield code="y">Siglo XX</subfield>
    <subfield code="9">8343</subfield>
  </datafield>
  <datafield tag="910" ind1=" " ind2=" ">
    <subfield code="a">Validado. Control de calidad MFF</subfield>
  </datafield>
  <datafield tag="942" ind1=" " ind2=" ">
    <subfield code="2">ddc</subfield>
    <subfield code="c">LBS1</subfield>
  </datafield>
  <datafield tag="952" ind1=" " ind2=" ">
    <subfield code="0">0</subfield>
    <subfield code="1">0</subfield>
    <subfield code="7">1</subfield>
    <subfield code="8">PD</subfield>
    <subfield code="a">PD</subfield>
    <subfield code="b">PD</subfield>
    <subfield code="c">HD</subfield>
    <subfield code="d">2014-07-01</subfield>
    <subfield code="i">LF1</subfield>
    <subfield code="l">0</subfield>
    <subfield code="o">330.97293 C314h</subfield>
    <subfield code="p">2645-20</subfield>
    <subfield code="r">2020-06-25</subfield>
    <subfield code="t">e. 2</subfield>
    <subfield code="w">2020-06-25</subfield>
    <subfield code="y">LFPD</subfield>
    <subfield code="Z">No se presta</subfield>
  </datafield>
  <datafield tag="952" ind1=" " ind2=" ">
    <subfield code="0">0</subfield>
    <subfield code="1">0</subfield>
    <subfield code="7">1</subfield>
    <subfield code="8">PD</subfield>
    <subfield code="a">PD</subfield>
    <subfield code="b">PD</subfield>
    <subfield code="c">HD</subfield>
    <subfield code="d">2009-07-03</subfield>
    <subfield code="e">030129</subfield>
    <subfield code="i">LF1</subfield>
    <subfield code="l">0</subfield>
    <subfield code="o">330.97293 C314h</subfield>
    <subfield code="p">2645-10</subfield>
    <subfield code="r">2020-06-25</subfield>
    <subfield code="w">2020-06-25</subfield>
    <subfield code="y">LFPD</subfield>
    <subfield code="Z">No se presta</subfield>
  </datafield>
  <datafield tag="999" ind1=" " ind2=" ">
    <subfield code="c">2481</subfield>
    <subfield code="d">2481</subfield>
  </datafield>
</record>
